| 000 | 00778cam a2200229 a 4500 | ||
|---|---|---|---|
| 001 | 000018848 | ||
| 005 | 20200929165851.0 | ||
| 008 | 770524s1977 cu f001 f spa d | ||
| 040 |
_aDO-SdBNP _bspa _cBNPHU |
||
| 082 |
_a891.7344 _bC435b |
||
| 100 | 1 |
_aChakovski, Aleksandr, _d1913- _940608 |
|
| 240 | 1 | 0 |
_aBlokada. _lEspañol. |
| 245 | 1 | 3 |
_aEl bloqueo / _cAlexandr Chakovski ; traducción de Justo E. Vasco ; edición de Margarita Russinyol. |
| 260 |
_aLa Habana : _bArte y Literatura, _c1977. |
||
| 300 |
_aV ; _c23 cm. |
||
| 534 |
_pTítulo original en ruso: _tBlokada. |
||
| 500 | _aLa biblioteca posee el v. 3 | ||
| 650 | 4 |
_aNovela rusa _94742 |
|
| 650 | 4 |
_aLiteratura rusa _94743 |
|
| 700 | 1 |
_aRussinyol, Margarita, _eed. _940609 |
|
| 700 | 1 |
_aVasco, Justo E., _etr. _940610 |
|
| 999 |
_c18368 _d18368 |
||